| 000 | 01846cam a2200253 a 4500 | ||
|---|---|---|---|
| 001 | 4943436 | ||
| 005 | 20210414114055.0 | ||
| 008 | 960312s1997 ilua 001 0 eng | ||
| 010 | _a | ||
| 020 | _a0256226350 | ||
| 040 |
_aDLC _cDLC _dDLC |
||
| 050 | 0 | 0 | _aZ52.5.W655H46 |
| 100 | 1 | _aHenderson, Gloria G., | |
| 245 | 1 | 0 |
_aUnderstanding and using WordPerfect 6.1 for Windows. / _cGloria Henderson. |
| 260 |
_aChicago : _bIrwin Professional, _c1997. |
||
| 300 |
_axv, 736 p. : _bill. ; _c28 cm. |
||
| 500 | _aIncludes index. | ||
| 505 | _aContents: Learning the basics: Using wordperfect and creating documents -- Getting help and reusing documents -- Editing and formatting documents -- Using wordperfect writing tools -- Adjusting documents and printing -- Using formatting tools -- Improving proficiency: Inserting objects and selecting text -- Formatting characters -- Increasing formatting efficiency -- Finding and replacing text -- Managing files and directories -- Constructing multiple-page documents -- Developing creativity: Inserting symbols and notes -- Using templates -- Customizing print and printed pages -- Creating newspaper and parallel columns -- Using graphics and textart -- Customizing graphics -- Increasing productivity: Creating tables -- Using windows and image tools -- Using macros -- Merging files -- Sorting text -- Creating styles and outlines -- Assembling tables and indexes -- Appendix A: Formatting a disk in windows -- Appendix B: Using the student data disk (copying disks). | ||
| 538 | _aSystem requirements for accompanying computer disc: IBM PC or compatible. | ||
| 630 | 0 | 0 | _aWordPerfect (Computer file) |
| 650 | 0 | _aWord processing. | |
| 942 |
_2lcc _cBK |
||
| 999 |
_c1796 _d9296 |
||